| 000 | 01172nam0a22003011 4500 | ||
|---|---|---|---|
| 001 | rc\4289927 | ||
| 005 | 20250612040513.0 | ||
| 021 |
_aRU _b[66-34379] |
||
| 035 | _a(NLR Aleph) 008495517 | ||
| 090 |
_a8076128 _c8076128 |
||
| 100 | _a20130416d1966 |||y0rusy50 ca | ||
| 101 | 0 | _arus | |
| 102 | _aRU | ||
| 105 | _aa z ||||| | ||
| 200 | 1 |
_aКонтрольно-испытательный пункт дистанции сигнализации и связи _e(Опыт Октябрьской дороги) |
|
| 210 |
_aМосква _cТранспорт _d1966 |
||
| 215 |
_a123 с. _cил. _d20 |
||
| 320 | _aБиблиогр.: с. 121 (10 назв.) | ||
| 606 |
_aЖелезнодорожная связь _xПроверка _2psbo |
||
| 606 |
_aКонтрольно-испытательные пункты _2psbo |
||
| 606 |
_aЖелезнодорожная сигнализация _xПроверка _2psbo |
||
| 700 | 1 |
_aБрейдо _bА.И. _gАльберт Ицкович |
|
| 701 | 1 |
_aБродский _bМ.С. _gМихаил Симонович |
|
| 801 | 0 |
_aRU _bNLR _gpsbo |
|
| 801 | 1 |
_aRU _bELAR _2rusmarc |
|
| 852 |
_aNLR _j66-3/2792 |
||
| 942 | _cBOOK | ||
| 980 | _aNB | ||